| 000 | 01366cam a2200289 a 4500 | ||
|---|---|---|---|
| 001 | 14845376 | ||
| 005 | 20080620090210.0 | ||
| 008 | 070510s2008 nyua c 000 0 eng | ||
| 020 | _a1402745737 | ||
| 020 | _a9781402745737 | ||
| 040 |
_aDLC _cDLC _dDLC |
||
| 082 | 0 | 0 |
_a398.2 _222 _bWOO |
| 100 | 1 |
_aWoodside, Martin. _929939 |
|
| 245 | 1 | 0 |
_aArabian Nights : _bRetold From the Original / _cretold from the original by Martin Woodside ; illustrated by Lucy Corvino. |
| 260 |
_aNew York, NY : _bSterling Pub., _c2008. |
||
| 300 |
_a151 p. : _bill. ; _c20 cm. |
||
| 490 | 0 |
_aClassic starts _929940 |
|
| 520 | _aAn abridged version of the tale of Scheherazade, daughter of King Shahryar's advisor, who tells her husband, the king, a different story every night to keep him from fulfilling his plan to kill her in the morning. | ||
| 650 | 1 |
_aFairy tales. _929941 |
|
| 650 | 1 |
_aFolklore _zArab countries. _929942 |
|
| 650 | 1 |
_aArabs _vFolklore. _929943 |
|
| 653 |
_bENG _cMay2012 |
||
| 700 | 1 |
_aCorvino, Lucy, _eill. _929944 |
|
| 942 |
_2ddc _cBB |
||
| 999 |
_c16734 _d16734 |
||